Регионална библиотека "Любен Каравелов" - Русе

Смъртоносно бяло (Запис номер 334395)

MARC детайли
000 -Лидер
Контролно поле с фиксирана дължина 01669nam a2200409 c 4500
003 - Код на организацията, давaща контролен номер
Контролно поле BLK
005 - Дата и час на последна редакция
Контролно поле 20250620181614.0
008 - Елементи от данни с фиксирана дължина
fixed length control field 180410b bul|||||r ||||||| ||bul||
010 ## - Наследен системен номер
LC control number KNG00169317000
020 ## - Международен стандартен номер на книга ISBN
Международен стандартен номер на книга ISBN 9786190203810
040 ## - Източник на каталожния запис
Идентификатор на билиотеката - собственик на записа BLK
041 ## - Код за език
Код за езика на текст/звукозапис или на отделно заглавие Български
Код за езика КДБФ Български
072 #7 - Код за тематичната категория
Код организация bullib
Код за тематична категория Н83
Текст Чужда художествена литература Н
080 ## - УДК
Текстов определител УДК Английска литература
УДК код - определител по УДК 821.111
УДК определител -312.4
УДК - код + определител 821.111-312.4
100 ## - Редна дума - Автор
Автор Галбрейт, Робърт
Автор - информация (биография) Роулинг, Джоан К.
R(LIN) 330896
139 ## - Редно поле
Редна дума Галбрейт, Робърт
Авторски знак Гал - Г 18
245 10 - Сведения за заглавието
Заглавие Смъртоносно бяло
Подзаглавни данни Поредното разследване на детектив Корморан Страйк
Редно поле (дума) Робърт Галбрейт; прев. от англ. Надя Баева.
257 ## - Страна на издаване
Страна на създаване/издаване Великобритания
260 ## - Област на издателските данни
Име на издателя, разпространителя и проч. Колибри
Година на издаване 2019
Печатница Инвестпрес
300 ## - Физическа характеристика
Страници 688 с.
Размери/Мащаб 22 см
380 ## - Жанр
Жанр Худож. лит.
490 ## - СЕРИИ (Колекции)
Име на серия Поредното разследване на детектив Корморан Страйк
500 ## - Общи забележки
Забележка Ориг. загл. LETHAL WHITE/ Robert Galbraith. - Робърт Галбрейт е псевд. на Джоан К. Роулинг.
653 ## - Ключова дума – ненормативна
Ключова дума крими
653 ## - Ключова дума – ненормативна
Ключова дума романи
659 ## - Тематичен бюлетин
Тематичен бюлетин Н
700 ## - Други автори (авторска отговорност)
Лично име Баева, Надя Димитрова
Автороска отговорност (Описва отношението между автора и произведението) прев. от англ.
9 (RLIN) 383768
852 ## - Местоположение
Форматна сигнатура Цб 272086
856 4# - Електронен адрес и достъп
Електронен формат pdf - файл
856 4# - Електронен адрес и достъп
Електронен формат pdf - файл
999 ## - СИСТЕМНИ КОНТРОЛНИ НОМЕРА
Koha biblionumber 334395
Koha biblioitemnumber 334395
942 ## - АРТИКУЛИ
Вид на библиотечния материал Книги
Скрит в OPAC Не
Koha issues (borrowed), all copies 79
Периодичен библиозапис Да
944 ## - СЪЗДАВАНЕ И РЕДАКЦИЯ на ЗАПИСА
Създаване/Редакция Създаване
Дата на регистрацията/редакция 09.01.2015
Статус, дата на статуса Цветелина Шанова
Служител, извършил регистрацията/редакцията 30531
944 ## - СЪЗДАВАНЕ И РЕДАКЦИЯ на ЗАПИСА
Създаване/Редакция Редакция
Дата на регистрацията/редакция 24.02.2017
Статус, дата на статуса ф /
Служител, извършил регистрацията/редакцията Людмила_Стоянова
999 ## - СИСТЕМНИ КОНТРОЛНИ НОМЕРА
Koha biblioitemnumber 334395
999 ## - СИСТЕМНИ КОНТРОЛНИ НОМЕРА
Koha biblioitemnumber 334395
999 ## - СИСТЕМНИ КОНТРОЛНИ НОМЕРА
Koha biblioitemnumber 161955
Наличности
Код за отписване Код за изгубен артикул Източник на класификационната схема Код за повреда Код за отдаване Артикулен № Име на библиотеката - собственик Име на библиотеката, в която се намира в момента Статус (Текущо местоположение) Дата на вписване в системата Местоположение - отдел Цена в лева Систематично азбучна сигнатура Баркод Цена в евро Служебен тип на артикула Инвентарен номер
  Не е изгубен Universal Decimal Classification Не е повреден заемане за дома 737290 Регионална библиотека "Любен Каравелов" Русе Регионална библиотека "Любен Каравелов" Русе Заемна - подръчен фонд 2019-09-09 Заемна - подръчен фонд 16.80 П 820-31/Г 18 120000836086 8.59 Книги  
  Не е изгубен Universal Decimal Classification Не е повреден заемане за дома 936506 Регионална библиотека "Любен Каравелов" Русе Регионална библиотека "Любен Каравелов" Русе Заемна - подръчен фонд 2023-11-10 Заемна - подръчен фонд 15.60 821-31/Г 18 Р 120000895570 7.98 Книги 120000895570
Vip Innovations Ltd, Rousse, Bulgaria 2025